No es fácil el camino de la libertad
Saved in:
| Hovedforfatter: | |
|---|---|
| Format: | Bog |
| Sprog: | spansk |
| Udgivet: |
Ciudad de México
Siglo XXI
1966
|
| Serier: | Historia y arqueología. Testimonios para la historia de la injusticia
|
| Fag: | |
| Tags: |
Tilføj Tag
Ingen Tags, Vær først til at tagge denne postø!
|
MARC
| LEADER | 00000nam a2200000 a 4500 | ||
|---|---|---|---|
| 001 | UCX5252 | ||
| 003 | CL-VaPUC | ||
| 008 | 921013e19660000MX |||||||||||||||||spa|d | ||
| 082 | 0 | 4 | |a 320.56 |b MAN |2 21 |
| 100 | |a Mandela, Nelson Rolihlahla |e autor |9 862061 | ||
| 245 | 1 | 0 | |a No es fácil el camino de la libertad |
| 300 | |a 223 p | ||
| 942 | |c BK | ||
| 945 | |d 19921013 00:00:00 | ||
| 260 | |a Ciudad de México |b Siglo XXI |c 1966 | ||
| 650 | 7 | |a SEGREGACION CONTRA LOS NEGROS |2 CL-VaPUC |9 321524 | |
| 583 | |a last modification |c 19921013 00:00:00 |k Rodrigo Vera | ||
| 490 | 0 | |a Historia y arqueología. Testimonios para la historia de la injusticia | |
| 999 | |c 225546 |d 225544 | ||
| 952 | |0 0 |1 0 |4 0 |6 320_560000000000000_MAN_1966 |7 0 |8 A |9 223149 |a BIBHIS |b BIBHIS |d 2019-11-15 |i 2919931 |o 320.56 MAN 1966 |p 2919931 |r 2025-01-20 |w 2019-11-15 |y BK |k HIS | ||